Statistiques concernant Anciens pays par capitale

Cliquez ici pour prendre le quiz!

Statistiques générales

  • Ce quiz a été pris 30 833 fois
  • Le résultat moyen est 10 sur 20

Statistiques - réponses

FinCapitalePays% Correct
1991MoscouUnion Soviétique
95%
1990Berlin-EstAllemagne de l'Est
88%
1992BelgradeYougoslavie
81%
1923IstanbulEmpire Ottoman
79%
1992PragueTchécoslovaquie
78%
1707ÉdimbourgÉcosse
62%
1532RennesBretagne
58%
1898HonoluluHawaï
57%
1871BerlinPrusse
57%
1453ConstantinopleEmpire Byzantin
54%
1533CuzcoEmpire Inca
46%
1521TenochtitlanEmpire Aztèque
44%
1861TurinSardaigne
35%
1951LhassaTibet
31%
1861NaplesDeux-Siciles
25%
1975SaïgonVietnam du Sud
25%
1865RichmondÉtats Confédérés
16%
-168PellaMacédoine
11%
1857AgraEmpire Moghol
6%
1934Saint-JeanTerre-Neuve
6%

Distribution des résultats

Percentile par nombre de réponses

% des personnes avec chaque résultat

Votre développement - résultats

Vous n’avez pas pris ce quiz